000 01484nam a2200265Ia 4500
999 _c39410
_d39410
001 6001
003 GE_BSU
005 20190530151111.0
008 181216s1985||||ge |||||||||||||| ||geo||
040 _cGE_BSU
041 _ageo
080 _a502.55(075.8) გ-21
245 _aგარემოს გაჭუჭყიანების წყაროები და მათი ლიკვიდაციის ტექნიკური ღონისძიებები : სახელმძღვ. /
_cვ.ერისთავი ; ა. დანელია ; რ. ალასანია ; ლ. არხიპოვა ; რედ.: მ.ღუდუშაური ; ლ.მაღულარია.
264 _aთბილისი :
_bგანათლება,
_c1985.
300 _a223 გვ .:
_c20 სმ.
653 _aგარემოს გაჭუჭყიანების წყაროები და მათი ლიკვიდაციის ტექნიკური ღონისძიებები.
653 _aბუნება
700 _aერისთავი, ვ
_91833
700 _aდანელია,ა
_91834
700 _aალასანია,რ
_91835
700 _aარხიპოვა,ლ
_91836
700 _aღუდუშაური, მ
_eრედაქტორი
_91085
700 _aმაღულარია, ლ
_eრედაქტორი
_91837
942 _cBK
_2udc